| Tag |
First Indicator |
Second Indicator |
Subfields |
| LEADER |
00000pam a2200000 i 4500 |
| 001 |
in00000366554 |
| 005 |
20151011081108.0 |
| 008 |
770322s1977 maua b 00110 eng |
| 010 |
|
|
|a 77004428
|
| 020 |
|
|
|a 0262110644
|
| 035 |
|
|
|a (OCoLC)02874618
|
| 035 |
|
|
|9 ABP9022AM
|
| 040 |
|
|
|a DLC
|c DLC
|d TXA
|d UtOrBLW
|
| 049 |
|
|
|a TXAM
|c [1398600]
|
| 050 |
0 |
0 |
|a TL709
|b .K46
|
| 082 |
0 |
|
|a 629.134/353
|
| 100 |
1 |
|
|a Kerrebrock, Jack L.
|
| 245 |
1 |
0 |
|a Aircraft engines and gas turbines /
|c Jack L. Kerrebrock.
|
| 264 |
|
1 |
|a Cambridge, Mass. :
|b MIT Press,
|c [1977]
|
| 264 |
|
4 |
|c ©1977
|
| 300 |
|
|
|a x, 285 pages :
|b illustrations ;
|c 24 cm.
|
| 336 |
|
|
|a text
|b txt
|2 rdacontent
|
| 337 |
|
|
|a unmediated
|b n
|2 rdamedia
|
| 338 |
|
|
|a volume
|b nc
|2 rdacarrier
|
| 504 |
|
|
|a Includes bibliographical references and index.
|
| 650 |
|
0 |
|a Aircraft gas-turbines.
|
| 999 |
|
|
|a MARS
|
| 999 |
f |
f |
|s 762546e5-f79f-35c5-b4a3-b8856c5e6ab7
|i a2918df6-b66e-3c01-90a3-3446ed51acd8
|t 0
|
| 952 |
f |
f |
|p normal
|a Texas A&M University
|b College Station
|c Sterling C. Evans Library
|d Evans: Library Stacks
|t 0
|e TL709 .K46
|h Library of Congress classification
|i unmediated -- volume
|m A14805550730
|
| 998 |
f |
f |
|a TL709 .K46
|t 0
|l Evans: Library Stacks
|